Statistiken für Top 15 der betroffenen Covid-19-Länder - 11. Dezember

Klicken Sie hier um das Quiz zu spielen!

Allgemein

  • Dieses Quiz wurde 16 mal gespielt
  • Das Durchschnittsergebnis liegt bei 18 aus 27

Antwortstatistiken

Land% Korrekt
Deutschland
100%
Indien
100%
Italien
100%
Polen
100%
Spanien
100%
Vereinigte Staaten
100%
Brasilien
94%
Frankreich
94%
Mexiko
94%
Argentinien
88%
Russland
88%
Vereinigtes Königreich
88%
Belgien
81%
Kolumbien
81%
Österreich
75%
Tschechien
75%
Türkei
63%
Schweiz
56%
Iran
44%
Bahrain
38%
Katar
38%
Israel
31%
Panama
31%
Slowenien
31%
Armenien
25%
Kroatien
19%
Georgien
13%

Verteilung der Resultate

Perzentil nach korrekt beantworteten Fragen

Anzahl Personen mit jedem Resultat

Ihre Resultats-Entwicklung

Sie haben dieses Quiz noch nicht gespielt